[Event "Oberliga Baden 2324"]
[Site "Germany"]
[Date "2024.02.04"]
[Round "6.2"]
[White "Ider, Borya"]
[Black "Vyval, Volodymyr"]
[Result "1-0"]
[WhiteElo "2488"]
[BlackElo "2297"]
[PlyCount "75"]
[EventDate "2023.09.17"]
[EventType "team-tourn"]
[EventRounds "9"]
[EventCountry "GER"]
[SourceTitle "EXT 2025"]
[Source "ChessBase"]
[SourceDate "2024.10.14"]
[SourceVersion "1"]
[SourceVersionDate "2024.10.14"]
[SourceQuality "1"]
[WhiteTeam "Untergrombach"]
[BlackTeam "Ettlingen"]
[WhiteTeamCountry "GER"]
[BlackTeamCountry "GER"]

1. Nf3 Nf6 2. g3 d5 3. Bg2 c5 4. 0-0 Nc6 5. d4 e6 6. c4 dxc4 7. dxc5 Qxd1 8. Rxd1 Bxc5 9. Nbd2 c3 10. bxc3 0-0 11. Nb3 Be7 12. Nfd4 Bd7 13. Nxc6 Bxc6 14. Bxc6 bxc6 15. c4 Rfd8 16. Be3 Ne4 17. Rxd8+ Rxd8 18. Na5 Bf6 19. Nxc6 Rc8 20. Rb1 a5 21. Na7 Ra8 22. c5 Nc3 23. Rb7 Nd5 24. c6 Bd8 25. Bf4 Bb6 26. Nb5 g5 27. c7 Kg7 28. Be5+ Kg6 29. Rb8 Bxc7 30. Rxa8 Bxe5 31. Rxa5 g4 32. Ra8 Kf6 33. a4 Ke7 34. a5 Kd7 35. e4 Nc3 36. Nxc3 Bxc3 37. a6 Bd4 38. Rb8 1-0

[Event "Oberliga Baden 2223"]
[Site "Germany"]
[Date "2023.04.23"]
[Round "9.2"]
[White "Ider, Borya"]
[Black "Haag, Gregor"]
[Result "1/2-1/2"]
[WhiteElo "2490"]
[BlackElo "2340"]
[PlyCount "55"]
[EventDate "2022.09.18"]
[EventType "team-tourn"]
[EventRounds "9"]
[EventCountry "GER"]
[SourceTitle "EXT 2024"]
[Source "ChessBase"]
[SourceDate "2023.10.10"]
[SourceVersion "1"]
[SourceVersionDate "2023.10.10"]
[SourceQuality "1"]
[WhiteTeam "Untergrombach"]
[BlackTeam "Brombach"]
[WhiteTeamCountry "GER"]
[BlackTeamCountry "GER"]

1. Nf3 Nf6 2. g3 g6 3. Bg2 Bg7 4. b3 b6 5. Bb2 Bb7 6. c4 0-0 7. 0-0 c5 8. Nc3 d5 9. Nxd5 Nxd5 10. Bxg7 Kxg7 11. cxd5 Qxd5 12. d4 Na6 13. e4 Qd6 14. d5 e6 15. Nd2 exd5 16. Nc4 Qf6 17. e5 Qe6 18. Nd6 Bc6 19. f4 f6 20. Qe2 fxe5 21. fxe5 Nc7 22. b4 c4 23. a4 Rxf1+ 24. Rxf1 Rf8 25. Rxf8 Kxf8 26. Qf3+ Kg7 27. Bh3 Qe7 28. Nxc4 1/2-1/2

[Event "Titled Tuesday intern op 14th Mar Early"]
[Site "Chess.com INT"]
[Date "2023.03.14"]
[Round "5"]
[White "Ider, Borya"]
[Black "Krysa, Leandro Sergio"]
[Result "1-0"]
[WhiteElo "2488"]
[BlackElo "2538"]
[PlyCount "65"]
[EventDate "2023.03.14"]
[EventType "swiss (blitz)"]
[EventRounds "11"]
[EventCountry "USA"]
[SourceTitle "EXT 2024"]
[Source "ChessBase"]
[SourceDate "2023.10.10"]
[SourceVersion "1"]
[SourceVersionDate "2023.10.10"]
[SourceQuality "1"]

1. Nf3 Nf6 2. g3 g6 3. Bg2 Bg7 4. 0-0 0-0 5. d4 d5 6. Bf4 c5 7. c3 Nc6 8. dxc5 Ne4 9. Ng5 Nxg5 10. Bxg5 h6 11. Be3 d4 12. cxd4 Nxd4 13. Nc3 e5 14. Ne4 Bg4 15. Bxd4 exd4 16. h3 Be6 17. Nd6 Qd7 18. Kh2 Rab8 19. b4 b6 20. Qc2 bxc5 21. bxc5 d3 22. exd3 Bxa1 23. Rxa1 Rb4 24. Qc3 Rfb8 25. d4 Rb1 26. Rxb1 Rxb1 27. d5 Bf5 28. Qf6 Qa4 29. Qxf7+ Kh8 30. Nxf5 gxf5 31. Qf8+ Kh7 32. Qxf5+ Kg7 33. Qxb1 1-0

[Event "Titled Tuesday intern op 28th Jun Early"]
[Site "Chess.com INT"]
[Date "2022.06.28"]
[Round "3"]
[White "Ider, Borya"]
[Black "Reprintsev, Alexander"]
[Result "1-0"]
[WhiteElo "2489"]
[BlackElo "2353"]
[PlyCount "59"]
[EventDate "2022.06.28"]
[EventType "swiss (blitz)"]
[EventRounds "11"]
[EventCountry "USA"]
[SourceTitle "CBM 209 Extra"]
[Source "ChessBase"]
[SourceDate "2022.09.30"]
[SourceVersion "1"]
[SourceVersionDate "2022.09.30"]
[SourceQuality "1"]

1. Nf3 d5 2. g3 Nc6 3. Bg2 Bg4 4. d4 Qd7 5. h3 Bxf3 6. Bxf3 f5 7. c4 e6 8. Nc3 Nf6 9. cxd5 exd5 10. Bg5 Ne4 11. Bxe4 fxe4 12. e3 Be7 13. Bxe7 Nxe7 14. Qh5+ g6 15. Qe2 0-0 16. h4 c5 17. dxc5 Rac8 18. Rd1 Rxc5 19. Nxe4 Ra5 20. Nc3 Nf5 21. 0-0 d4 22. exd4 Kg7 23. d5 Re8 24. Qd2 b5 25. a3 Ra6 26. Rfe1 Rd8 27. Ne4 Rb6 28. Qc3+ Kh6 29. Qc1+ Kg7 30. Nc5 1-0

[Event "Titled Tuesday intern op 31st May Early"]
[Site "Chess.com INT"]
[Date "2022.05.31"]
[Round "1"]
[White "Mickiewicz, Piotr"]
[Black "Ider, Borya"]
[Result "1-0"]
[WhiteElo "2302"]
[BlackElo "2489"]
[PlyCount "131"]
[EventDate "2022.05.31"]
[EventType "swiss (blitz)"]
[EventRounds "11"]
[EventCountry "USA"]
[SourceTitle "CBM 208 Extra"]
[Source "ChessBase"]
[SourceDate "2022.07.31"]
[SourceVersion "1"]
[SourceVersionDate "2022.07.31"]
[SourceQuality "1"]

1. e4 e6 2. d4 d5 3. Nd2 c5 4. exd5 Qxd5 5. Ngf3 cxd4 6. Bc4 Qd6 7. 0-0 Nf6 8. Nb3 Nc6 9. Nbxd4 Nxd4 10. Nxd4 a6 11. c3 Bd7 12. Qe2 Qc7 13. a4 Bd6 14. h3 0-0 15. Bg5 Rfe8 16. Rfe1 Qc5 17. Be3 Qc7 18. Bg5 Rad8 19. Bb3 Bf4 20. Bxf6 gxf6 21. Qh5 f5 22. Nxf5 Kf8 23. g3 Be5 24. Nh6 Bc6 25. Qxe5 Qxe5 26. Rxe5 Rd2 27. Bc4 Red8 28. Bf1 Rxb2 29. Ng4 Rdd2 30. Rh5 f5 31. Ne3 Rxf2 32. Nc4 Rbc2 33. Ne5 Be4 34. Rxh7 Rfd2 35. Nd7+ Kg8 36. Nf6+ Kf8 37. Nxe4 fxe4 38. Rh4 Rxc3 39. Rf4+ Ke7 40. g4 Rg3+ 41. Kh1 e3 42. Re4 Rf3 43. Re1 Ra2 44. R4xe3 Rxe3 45. Rxe3 Rxa4 46. Kh2 Kf6 47. Bg2 e5 48. Kg3 b5 49. Bd5 Rd4 50. Rf3+ Ke7 51. Bg8 b4 52. h4 a5 53. h5 a4 54. h6 Rd1 55. Kh4 Rh1+ 56. Rh3 Rxh3+ 57. Kxh3 Kf6 58. Kh4 b3 59. g5+ Kg6 60. Bd5 b2 61. Be4+ Kf7 62. Bb1 a3 63. g6+ Kf6 64. g7 Kf7 65. Ba2+ Kf6 66. g8Q 1-0

[Event "Titled Tuesday intern op 29th Mar Late"]
[Site "Chess.com INT"]
[Date "2022.03.29"]
[Round "4"]
[White "Ider, Borya"]
[Black "Dubov, Daniil"]
[Result "0-1"]
[WhiteElo "2489"]
[BlackElo "2711"]
[PlyCount "116"]
[EventDate "2022.03.29"]
[EventType "swiss (blitz)"]
[EventRounds "11"]
[EventCountry "USA"]
[SourceTitle "CBM 207 Extra"]
[Source "ChessBase"]
[SourceDate "2022.05.31"]
[SourceVersion "1"]
[SourceVersionDate "2022.05.31"]
[SourceQuality "1"]

1. c3 Nf6 2. Qc2 d5 3. Nf3 Nc6 4. d4 g6 5. Bf4 Bf5 6. Qb3 Rb8 7. Nbd2 Bg7 8. e3 0-0 9. h3 Na5 10. Qa4 b6 11. Be2 Bd7 12. Qd1 Nb7 13. Ba6 Nd6 14. Ne5 Be8 15. Bd3 c5 16. 0-0 Rc8 17. a4 Nd7 18. Nef3 Nf6 19. Ne5 Nfe4 20. a5 Nxd2 21. Qxd2 b5 22. a6 c4 23. Bc2 Ne4 24. Qe2 Qb6 25. f3 Nd6 26. Kh1 b4 27. e4 b3 28. Bb1 e6 29. Ng4 h5 30. Nf2 Bb5 31. e5 Nf5 32. Qd2 h4 33. Ng4 Bxa6 34. Nf6+ Bxf6 35. exf6 Kh7 36. Bxf5 exf5 37. Be5 Rh8 38. Qf4 Kg8 39. Bd6 Bb5 40. Rfe1 Re8 41. Rxe8+ Bxe8 42. Qe5 Kh7 43. Bc5 Qe6 44. Qxe6 fxe6 45. Rxa7+ Kh6 46. f7 Bxf7 47. Rxf7 Ra8 48. Ba3 Kg5 49. Kg1 e5 50. dxe5 d4 51. cxd4 Rxa3 52. e6 c3 53. bxc3 b2 54. Rb7 Ra1+ 55. Kf2 b1Q 56. Rxb1 Rxb1 57. c4 Kf6 58. d5 Rc1 0-1

[Event "Titled Tuesday intern op 21st Sept"]
[Site "Chess.com INT"]
[Date "2021.09.21"]
[Round "2"]
[White "Erdogmus, Yagiz Kaan"]
[Black "Ider, Borya"]
[Result "1/2-1/2"]
[WhiteElo "2150"]
[BlackElo "2489"]
[PlyCount "188"]
[EventDate "2021.09.21"]
[EventType "swiss (blitz)"]
[EventRounds "9"]
[EventCountry "USA"]
[SourceTitle "EXT 2022"]
[Source "ChessBase"]
[SourceDate "2021.10.06"]
[SourceVersion "1"]
[SourceVersionDate "2021.10.06"]
[SourceQuality "1"]

1. e4 e6 2. d4 d5 3. Nd2 c5 4. Ngf3 cxd4 5. Nxd4 Nf6 6. exd5 Qxd5 7. N2f3 Nc6 8. c4 Bb4+ 9. Bd2 Qe4+ 10. Be2 Nxd4 11. Nxd4 Bc5 12. Nf3 0-0 13. 0-0 b6 14. Bc3 Bb7 15. Qd2 Rad8 16. Qg5 Qg6 17. Qxg6 hxg6 18. Rad1 Ne4 19. Bd4 Bd6 20. h4 Nc5 21. b3 Ne4 22. Ng5 Nxg5 23. hxg5 Bf4 24. Be3 Be5 25. f4 Bc7 26. Kf2 Rfe8 27. b4 e5 28. g3 exf4 29. Bxf4 Bxf4 30. gxf4 Kf8 31. Bf3 Ba6 32. b5 Rxd1 33. Rxd1 Bc8 34. Bc6 Be6 35. Bxe8 Kxe8 36. Rd4 Ke7 37. Ke3 f6 38. gxf6+ gxf6 39. Kd3 Bh3 40. Kc3 g5 41. fxg5 fxg5 42. Rd5 Kf6 43. Kd4 g4 44. Ke3 g3 45. Rh5 Be6 46. Kf4 g2 47. Rg5 Bxc4 48. Rxg2 Bxb5 49. Rb2 Bc4 50. Ke4 Ke7 51. Kd4 Bf7 52. Ke5 Kd7 53. Rh2 Bc4 54. a3 Kc6 55. Kd4 Bb3 56. Rb2 Bf7 57. Rf2 Bb3 58. Kc3 Bd5 59. Kb4 a5+ 60. Kc3 Kc5 61. Rf8 Kb5 62. Rf5 Kc6 63. Kd4 Bb3 64. Re5 Ba2 65. Rh5 Bf7 66. Rg5 Ba2 67. Kc3 Bd5 68. Kd4 Bf7 69. Rf5 Bg8 70. Rf8 Bb3 71. Kc3 Ba2 72. a4 Bd5 73. Kd4 Bb3 74. Rf6+ Kb7 75. Kc3 Bxa4 76. Rf2 Bc6 77. Rb2 b5 78. Kd4 Kb6 79. Kc3 Kc5 80. Rxb5+ Kxb5 81. Kb2 Kb4 82. Ka1 Ka3 83. Kb1 Bd5 84. Ka1 Kb3 85. Kb1 Kc3 86. Ka1 Bc4 87. Kb1 a4 88. Ka1 a3 89. Kb1 Kb4 90. Ka1 Kb3 91. Kb1 Bb5 92. Ka1 Ba4 93. Kb1 a2+ 94. Ka1 Ka3 1/2-1/2

[Event "Titled Tuesday intern op 21st Sept"]
[Site "Chess.com INT"]
[Date "2021.09.21"]
[Round "3"]
[White "Ider, Borya"]
[Black "Al Tarbosh, Ward"]
[Result "1/2-1/2"]
[WhiteElo "2489"]
[BlackElo "2182"]
[PlyCount "163"]
[EventDate "2021.09.21"]
[EventType "swiss (blitz)"]
[EventRounds "9"]
[EventCountry "USA"]
[SourceTitle "EXT 2022"]
[Source "ChessBase"]
[SourceDate "2021.10.06"]
[SourceVersion "1"]
[SourceVersionDate "2021.10.06"]
[SourceQuality "1"]

1. Nf3 b6 2. g3 Bb7 3. Bg2 Nf6 4. d4 e6 5. 0-0 Be7 6. c4 0-0 7. d5 exd5 8. Nh4 c6 9. cxd5 Nxd5 10. Nf5 d6 11. e4 Nf6 12. Nc3 Re8 13. Bf4 d5 14. Nxe7+ Qxe7 15. exd5 cxd5 16. Nb5 Na6 17. Nd6 Red8 18. Re1 Qd7 19. Rc1 Nc5 20. Nxb7 Qxb7 21. Be5 Nfe4 22. f3 Nd6 23. Qe2 f6 24. Bd4 Re8 25. Qc2 Ne6 26. Bf2 Rac8 27. Qd3 Nc5 28. Bxc5 bxc5 29. f4 Ne4 30. Rcd1 Rcd8 31. Bxe4 dxe4 32. Qc4+ Qf7 33. Rxd8 Rxd8 34. Qxc5 Qxa2 35. Qe7 Rb8 36. Rd1 h6 37. Rd7 Qb1+ 38. Kg2 Qxb2+ 39. Kh3 f5 40. Qe6+ Kh8 41. Qxf5 Re8 42. Qg6 Rf8 43. Qxe4 Qb6 44. Qe7 Qf6 45. Rxa7 Qxe7 46. Rxe7 Ra8 47. Kg4 Kh7 48. h3 Ra5 49. Kh4 Rb5 50. g4 Rc5 51. f5 Rc6 52. Kh5 Rd6 53. h4 Rd5 54. Rb7 Rd6 55. g5 hxg5 56. hxg5 Kg8 57. g6 Kf8 58. Kg5 Rd1 59. Rb8+ Ke7 60. Rb7+ Kf8 61. Rb4 Rg1+ 62. Kf4 Rf1+ 63. Ke5 Re1+ 64. Kd5 Ke7 65. Rb7+ Kf8 66. Rb4 Ke7 67. Re4+ Rxe4 68. Kxe4 Kf6 69. Kf4 Ke7 70. Ke5 Ke8 71. Ke6 Kf8 72. f6 Kg8 73. Ke7 gxf6 74. Kxf6 Kf8 75. Kf5 Kg7 76. Kg5 Kg8 77. Kf6 Kf8 78. Kf5 Kg7 79. Kg5 Kg8 80. Kh6 Kh8 81. g7+ Kg8 82. Kg6 1/2-1/2

[Event "Titled Tuesday intern op 21st Sept"]
[Site "Chess.com INT"]
[Date "2021.09.21"]
[Round "1"]
[White "Ider, Borya"]
[Black "Gubanov, Oleg"]
[Result "1-0"]
[WhiteElo "2489"]
[BlackElo "2258"]
[PlyCount "99"]
[EventDate "2021.09.21"]
[EventType "swiss (blitz)"]
[EventRounds "9"]
[EventCountry "USA"]
[SourceTitle "EXT 2022"]
[Source "ChessBase"]
[SourceDate "2021.10.06"]
[SourceVersion "1"]
[SourceVersionDate "2021.10.06"]
[SourceQuality "1"]

1. Nf3 b5 2. e3 a6 3. a4 b4 4. d4 Bb7 5. Nbd2 Nf6 6. Bd3 d5 7. a5 e6 8. c3 c5 9. cxb4 cxb4 10. Ne5 Bd6 11. f4 0-0 12. 0-0 Nc6 13. Qa4 Rc8 14. Nb3 Ne4 15. Bd2 f6 16. Nxc6 Bxc6 17. Qa2 Bb7 18. Qa4 Bc6 19. Qa2 Bb7 20. Rfc1 Qd7 21. Be1 Rxc1 22. Rxc1 Rc8 23. Qb1 Rxc1 24. Qxc1 Qc7 25. Qxc7 Bxc7 26. Bxb4 Kf7 27. Nc5 Nxc5 28. dxc5 Ke8 29. Bc3 h6 30. b4 Kd7 31. Kf2 Kc6 32. h4 e5 33. fxe5 fxe5 34. Be2 Bc8 35. Kf3 g5 36. hxg5 hxg5 37. Kf2 Bb8 38. Ke1 Bc7 39. Kd2 Bb8 40. Kc2 Bc7 41. Kb3 Kb7 42. Ka4 Bd7+ 43. b5 axb5+ 44. Bxb5 Bf5 45. c6+ Ka7 46. Bb4 Be4 47. Bc5+ Kb8 48. a6 Bxg2 49. a7+ Ka8 50. Ba6 1-0

[Event "Titled Tuesday intern op 31st Aug"]
[Site "Chess.com INT"]
[Date "2021.08.31"]
[Round "4"]
[White "Baches Garcia, Guillermo"]
[Black "Ider, Borya"]
[Result "0-1"]
[WhiteElo "2329"]
[BlackElo "2489"]
[PlyCount "100"]
[EventDate "2021.08.31"]
[EventType "swiss (blitz)"]
[EventRounds "11"]
[EventCountry "USA"]
[SourceTitle "EXT 2022"]
[Source "ChessBase"]
[SourceDate "2021.10.06"]
[SourceVersion "1"]
[SourceVersionDate "2021.10.06"]
[SourceQuality "1"]

1. e4 e6 2. d4 d5 3. exd5 exd5 4. Nf3 c6 5. Bd3 Bd6 6. 0-0 Ne7 7. c4 0-0 8. Nc3 Bf5 9. Re1 Bxd3 10. Qxd3 dxc4 11. Qxc4 Ng6 12. Bg5 Qa5 13. Ne4 Bc7 14. Nc5 b6 15. b4 Qb5 16. Qxb5 cxb5 17. Ne4 f6 18. Rac1 Na6 19. Bd2 Rad8 20. Rc6 Rfe8 21. Nc3 Rxe1+ 22. Bxe1 Ne7 23. Re6 Kf7 24. Re2 Nxb4 25. Nxb5 Nbd5 26. Nxa7 Nf4 27. Rxe7+ Kxe7 28. Nc6+ Ke6 29. Nxd8+ Bxd8 30. Kf1 Kd5 31. Bd2 Ne6 32. Ke2 Nxd4+ 33. Nxd4 Kxd4 34. Bb4 Kc4 35. Bf8 g6 36. Ke3 Kc3 37. Ke4 Kc4 38. g4 Kc3 39. Kd5 f5 40. gxf5 gxf5 41. f4 Bc7 42. Ke6 Bxf4 43. Kxf5 Bxh2 44. Kg5 Kb2 45. a4 Kb3 46. Be7 Kxa4 47. Bd8 b5 48. Kh6 b4 49. Kxh7 Be5 50. Kg6 b3 0-1

[Event "Chess.com Bullet op1"]
[Site "Chess.com INT"]
[Date "2020.12.19"]
[Round "2"]
[White "Ider, Borya"]
[Black "Skatchkov, Valery"]
[Result "1-0"]
[WhiteElo "2489"]
[BlackElo "2281"]
[PlyCount "93"]
[EventDate "2020.12.19"]
[EventType "swiss (blitz)"]
[EventRounds "21"]
[EventCountry "USA"]
[SourceTitle "EXT 2022"]
[Source "ChessBase"]
[SourceDate "2021.10.06"]
[SourceVersion "1"]
[SourceVersionDate "2021.10.06"]
[SourceQuality "1"]

1. Nf3 Nf6 2. g3 e6 3. Bg2 d5 4. 0-0 Be7 5. d4 0-0 6. c4 dxc4 7. Ne5 Nc6 8. Bxc6 bxc6 9. Nxc6 Qe8 10. Nxe7+ Qxe7 11. Qa4 e5 12. dxe5 Qxe5 13. Qxc4 Be6 14. Qd3 Bf5 15. Qe3 Qd5 16. Nc3 Qc6 17. f3 Rfe8 18. Qf2 Bh3 19. Re1 Rad8 20. e4 Rb8 21. Bg5 a6 22. Rad1 h6 23. Bxf6 Qxf6 24. Rd2 Qc6 25. Red1 Be6 26. Rc1 a5 27. Rcc2 a4 28. Nd5 Qb5 29. Nxc7 Qb4 30. Nxe8 Rxe8 31. Qd4 Qb5 32. Rc5 Qb6 33. Re5 Qb7 34. f4 Rc8 35. Rc5 Rxc5 36. Qxc5 Qxe4 37. Qd4 Qe1+ 38. Kg2 g5 39. fxg5 hxg5 40. Rf2 g4 41. Qd8+ Kh7 42. Qh4+ Kg8 43. Qg5+ Kf8 44. Qd2 Kg7 45. Qxe1 Bd5+ 46. Kg1 Bf3 47. Qe5+ 1-0

[Event "Chess.com Bullet op1"]
[Site "Chess.com INT"]
[Date "2020.12.19"]
[Round "11"]
[White "Landaw, Julian W"]
[Black "Ider, Borya"]
[Result "1-0"]
[WhiteElo "2318"]
[BlackElo "2489"]
[PlyCount "109"]
[EventDate "2020.12.19"]
[EventType "swiss (blitz)"]
[EventRounds "21"]
[EventCountry "USA"]
[SourceTitle "EXT 2022"]
[Source "ChessBase"]
[SourceDate "2021.10.06"]
[SourceVersion "1"]
[SourceVersionDate "2021.10.06"]
[SourceQuality "1"]

1. e4 e6 2. d4 d5 3. e5 c5 4. c3 Nc6 5. Nf3 Qb6 6. Bd3 cxd4 7. cxd4 Bd7 8. 0-0 Nxd4 9. Nxd4 Qxd4 10. Nc3 a6 11. Qe2 Ne7 12. Kh1 Qb6 13. f4 Nc6 14. f5 0-0-0 15. fxe6 fxe6 16. Be3 d4 17. Bg1 Qa5 18. Ne4 Qxe5 19. h3 Qd5 20. Bh2 Be7 21. Bxa6 d3 22. Bxd3 e5 23. Bc4 Qa5 24. Rac1 Kb8 25. a3 Rhe8 26. b4 Qb6 27. a4 Bxb4 28. a5 Nxa5 29. Rb1 Nc6 30. Bd5 Qa5 31. Rfc1 Bf8 32. Bxc6 Bxc6 33. Rxc6 Rc8 34. Rcb6 Rc7 35. Nd2 Qc5 36. Nf3 Bd6 37. Bg1 Qd5 38. Bh2 Kc8 39. Rxd6 Qxd6 40. Nxe5 Qd5 41. Qg4+ Qe6 42. Qf3 g6 43. Ng4 Rc6 44. Rf1 Qd7 45. Qg3 Rc7 46. Qxc7+ Qxc7 47. Bxc7 Kxc7 48. Nf6 Kb8 49. Nxe8 b5 50. Nd6 Kc7 51. Nf7 Kc6 52. Ne5+ Kc5 53. Rb1 b4 54. Nd3+ Kb5 55. Nxb4 1-0

[Event "Chess.com Bullet op1"]
[Site "Chess.com INT"]
[Date "2020.12.19"]
[Round "9"]
[White "Sevian, Samuel"]
[Black "Ider, Borya"]
[Result "1-0"]
[WhiteElo "2660"]
[BlackElo "2489"]
[PlyCount "91"]
[EventDate "2020.12.19"]
[EventType "swiss (blitz)"]
[EventRounds "21"]
[EventCountry "USA"]
[SourceTitle "EXT 2022"]
[Source "ChessBase"]
[SourceDate "2021.10.06"]
[SourceVersion "1"]
[SourceVersionDate "2021.10.06"]
[SourceQuality "1"]

1. e4 e6 2. d4 d5 3. Nc3 Bb4 4. e5 c5 5. Bd2 Bxc3 6. bxc3 Ne7 7. Qg4 Rg8 8. Bd3 g6 9. h4 h5 10. Qd1 c4 11. Be2 Qa5 12. Nf3 Nbc6 13. g3 Bd7 14. 0-0 0-0-0 15. Kg2 Rdf8 16. a4 Nf5 17. Qe1 Re8 18. Bc1 b6 19. Ba3 Nd8 20. Bb4 Qa6 21. a5 b5 22. Ng5 Rg7 23. Bf3 Nb7 24. Qd1 Qc6 25. Kh2 a6 26. Qd2 Rh8 27. Rae1 Qc7 28. Bg2 Nxa5 29. Ra1 Nc6 30. Rxa6 Nxb4 31. cxb4 Bc6 32. Rfa1 Bb7 33. Ra7 Kb8 34. c3 Qb6 35. Qa2 Kc7 36. Bh3 Rb8 37. Ra5 Bc6 38. Nf3 Rgg8 39. Nd2 Ra8 40. Nf3 Rxa5 41. bxa5 Qa7 42. Qa3 Rb8 43. Bxf5 gxf5 44. Qd6+ Kb7 45. a6+ Kb6 46. Qc5+ 1-0

[Event "Boudiba Memorial Final"]
[Site "chess24.com INT"]
[Date "2020.06.14"]
[Round "1.1"]
[White "Ider, Borya"]
[Black "Bellahcene, Bilel"]
[Result "0-1"]
[WhiteElo "2489"]
[BlackElo "2501"]
[PlyCount "98"]
[EventDate "2020.06.14"]
[EventType "k.o. (blitz)"]
[EventRounds "2"]
[EventCountry "ALG"]
[SourceTitle "CBM 196 Extra"]
[Source "ChessBase"]
[SourceDate "2020.07.31"]
[SourceVersion "1"]
[SourceVersionDate "2020.07.31"]
[SourceQuality "1"]

1. Nf3 Nf6 2. g3 c5 3. Bg2 Nc6 4. d4 cxd4 5. Nxd4 e5 6. Nxc6 dxc6 7. Qxd8+ Kxd8 8. Nd2 Bc5 9. 0-0 Re8 10. c3 a5 11. Nc4 a4 12. Be3 Bxe3 13. Nxe3 Be6 14. c4 Kc7 15. Rfd1 Nd7 16. Kf1 Nc5 17. Ke1 f6 18. Kd2 g5 19. Kc3 h5 20. b4 Nd7 21. Be4 Nf8 22. h4 gxh4 23. gxh4 Bf7 24. Nf5 Bg6 25. e3 Bxf5 26. Bxf5 Re7 27. Rg1 Ne6 28. Rg6 Rf8 29. Rd1 Rff7 30. c5 Ng7 31. Bc2 f5 32. Bxa4 f4 33. e4 f3 34. Rdg1 Ne8 35. R6g5 Rf4 36. Rxh5 Nf6 37. Rh8 Nxe4+ 38. Kc2 Nxf2 39. Rgg8 Rxb4 40. Bb3 Rxb3 41. axb3 Ne4 42. b4 Nf6 43. Rf8 Nd5 44. Kb3 e4 45. Kc4 e3 46. b5 e2 47. b6+ Nxb6+ 48. cxb6+ Kxb6 49. Rxf3 e1Q 0-1

[Event "Boudiba Memorial Final"]
[Site "chess24.com INT"]
[Date "2020.06.14"]
[Round "2.1"]
[White "Ider, Borya"]
[Black "Shchekachev, Andrei"]
[Result "1-0"]
[WhiteElo "2489"]
[BlackElo "2533"]
[PlyCount "127"]
[EventDate "2020.06.14"]
[EventType "k.o. (blitz)"]
[EventRounds "2"]
[EventCountry "ALG"]
[SourceTitle "CBM 196 Extra"]
[Source "ChessBase"]
[SourceDate "2020.07.31"]
[SourceVersion "1"]
[SourceVersionDate "2020.07.31"]
[SourceQuality "1"]

1. Nf3 g6 2. g3 Bg7 3. Bg2 c5 4. c3 e5 5. d4 cxd4 6. cxd4 e4 7. Nfd2 d5 8. Nb3 Nc6 9. Nc3 Nge7 10. 0-0 0-0 11. Be3 Nf5 12. Qd2 b6 13. Rfc1 Bb7 14. Bh3 Nxe3 15. Qxe3 f5 16. Qd2 Ne7 17. Nb5 Bc6 18. a4 Qd7 19. e3 Rfc8 20. Bf1 Bf8 21. Nc3 a5 22. Nb5 Kg7 23. Rc2 Ng8 24. Rac1 Bb4 25. Qd1 Nf6 26. Be2 h5 27. h4 Kh6 28. Kg2 Be7 29. Nd2 Bb4 30. Nf1 Ne8 31. Nd2 Bb7 32. Nb1 Rxc2 33. Rxc2 Rc8 34. Kf1 Rxc2 35. Qxc2 Qc6 36. Qxc6 Bxc6 37. N1c3 Bxc3 38. Nxc3 Nc7 39. Ke1 Kg7 40. Kd2 Kf6 41. Kc2 Ke6 42. b3 Kd6 43. Kb2 Bd7 44. Ka3 Bc6 45. b4 Bd7 46. Kb3 Bc6 47. f3 exf3 48. Bxf3 Bd7 49. Ne2 Be8 50. Nf4 Bf7 51. Nd3 Na6 52. bxa5 bxa5 53. Be2 Be8 54. Bf1 Nc7 55. Ne5 Ne6 56. Bb5 Bxb5 57. axb5 g5 58. Ka4 f4 59. exf4 gxf4 60. gxf4 Nxd4 61. Kxa5 Nf5 62. b6 Nxh4 63. Ka6 Nf5 64. b7 1-0

[Event "Boudiba Memorial"]
[Site "chess24.com INT"]
[Date "2020.06.14"]
[Round "11"]
[White "Ider, Borya"]
[Black "Vlachos, Anatole"]
[Result "1-0"]
[WhiteElo "2489"]
[BlackElo "2401"]
[PlyCount "63"]
[EventDate "2020.06.14"]
[EventType "tourn (blitz)"]
[EventRounds "15"]
[EventCountry "ALG"]
[EventCategory "5"]
[SourceTitle "CBM 196 Extra"]
[Source "ChessBase"]
[SourceDate "2020.07.31"]
[SourceVersion "1"]
[SourceVersionDate "2020.07.31"]
[SourceQuality "1"]

1. Nf3 f5 2. d4 Nf6 3. Nc3 g6 4. Bg5 Bg7 5. Bxf6 Bxf6 6. e4 e6 7. Bd3 0-0 8. exf5 exf5 9. 0-0 d6 10. Re1 Nc6 11. Nd5 Kg7 12. c3 Bd7 13. Qd2 h6 14. Re2 Be8 15. Rae1 Bf7 16. Nf4 g5 17. Ne6+ Bxe6 18. Rxe6 Ne7 19. Qc2 g4 20. Nd2 Bg5 21. Nf1 f4 22. Qe2 Rf7 23. Qxg4 Qd7 24. Rg6+ Nxg6 25. Qh5 Nh8 26. h4 Bf6 27. Nh2 Re8 28. Rxe8 Qxe8 29. Ng4 Qf8 30. Qxh6+ Kg8 31. Nxf6+ Rxf6 32. Qh7# 1-0

[Event "Boudiba Memorial"]
[Site "chess24.com INT"]
[Date "2020.06.14"]
[Round "14"]
[White "Msellek, Ilyass"]
[Black "Ider, Borya"]
[Result "0-1"]
[WhiteElo "2316"]
[BlackElo "2489"]
[PlyCount "74"]
[EventDate "2020.06.14"]
[EventType "tourn (blitz)"]
[EventRounds "15"]
[EventCountry "ALG"]
[EventCategory "5"]
[SourceTitle "CBM 196 Extra"]
[Source "ChessBase"]
[SourceDate "2020.07.31"]
[SourceVersion "1"]
[SourceVersionDate "2020.07.31"]
[SourceQuality "1"]

1. e4 e6 2. d4 d5 3. Nc3 Bb4 4. e5 c5 5. a3 Bxc3+ 6. bxc3 Ne7 7. h4 Qa5 8. Bd2 Qa4 9. h5 h6 10. Nf3 c4 11. g4 Nbc6 12. Bh3 Bd7 13. 0-0 0-0-0 14. Kg2 Rdf8 15. Ra2 g6 16. Nh4 g5 17. Nf3 f5 18. exf6 Rxf6 19. Qe2 Rhf8 20. Ne5 Nxe5 21. dxe5 R6f7 22. Be3 Qa5 23. Bd4 Nc6 24. Qe3 Nxd4 25. cxd4 Rf3 26. Qxf3 Rxf3 27. Kxf3 Qc3+ 28. Kg2 Qxd4 29. Re1 Qc3 30. Raa1 Bc6 31. Kh2 Qxc2 32. Kg1 Qd2 33. Rad1 Qf4 34. Rc1 b5 35. Rc2 d4 36. a4 d3 37. Rc3 Qf3 0-1

[Event "Boudiba Memorial"]
[Site "chess24.com INT"]
[Date "2020.06.14"]
[Round "5"]
[White "Onkoud, Abdelaziz"]
[Black "Ider, Borya"]
[Result "0-1"]
[WhiteElo "2314"]
[BlackElo "2489"]
[PlyCount "109"]
[EventDate "2020.06.14"]
[EventType "tourn (blitz)"]
[EventRounds "15"]
[EventCountry "ALG"]
[EventCategory "5"]
[SourceTitle "CBM 196 Extra"]
[Source "ChessBase"]
[SourceDate "2020.07.31"]
[SourceVersion "1"]
[SourceVersionDate "2020.07.31"]
[SourceQuality "1"]

1. d4 Nf6 2. Nf3 e6 3. Bg5 b6 4. Nbd2 Bb7 5. e4 h6 6. Bxf6 Qxf6 7. Bd3 g6 8. e5 Qe7 9. 0-0 Bg7 10. Be4 Nc6 11. c3 0-0 12. Qe2 d6 13. exd6 Qxd6 14. Nc4 Qe7 15. Nce5 Nxe5 16. Nxe5 c5 17. Bxb7 Qxb7 18. dxc5 bxc5 19. Nc4 Rfd8 20. Rad1 Rd5 21. Ne3 Rdd8 22. Rxd8+ Rxd8 23. Rd1 Rb8 24. Nc4 Qa6 25. a3 Qa4 26. h3 Qb3 27. Rd7 Qa4 28. Qd3 a6 29. h4 Rf8 30. g3 h5 31. Rc7 Qb5 32. Rd7 Qc6 33. Rd8 Bf6 34. Rxf8+ Kxf8 35. Qd6+ Qxd6 36. Nxd6 Be7 37. Nc4 Ke8 38. Kf1 f6 39. Ke2 Kd7 40. Kd3 e5 41. Ne3 Ke6 42. c4 f5 43. Nd5 Bd8 44. b4 Kd6 45. f3 f4 46. gxf4 cxb4 47. axb4 Bxh4 48. Ke4 Bg3 49. c5+ Ke6 50. Nc7+ Kd7 51. Nxa6 h4 52. c6+ Kxc6 53. Nc5 h3 54. fxe5 h2 55. e6 0-1